000 01761nam a2200253Ia 4500
003 Ost
005 20260507075413.0
008 260507s9999||||xx |||||||||||||| ||und||
020 _a6763299579
040 _cfsecg
041 _aara
082 _a330
100 _aالعبيدي، رائد عبد الخالق عبد الله
_eمؤلف
245 0 _aإدارة المؤسسات المالية والمصرفية /
_c رائد عبد الخالق عبد الله العبيدي
260 _aعمان:
_bدار الايام,
_c2015
300 _a192 صفحة؛
_bإيضاحات ؛
_c25 سم
504 _aالمراجع ص.192
520 _aيضم أهم التعاريف والمفاهيم المالية، الؤسسات المالية والنقدية، الرياضيات المالية، إدارة الميزانية في الؤسسات المالية و المصرفية ، المصارف وأنواعها ووظائفها وأهميتها ، المصارف الاسلامية -النقود والمصارف، إدارة الخطر في الؤسسات المالية والمصرفية والتأمين، إدارة المحافظ الاستثمارية، الؤسسات المالية الدولية، المقومات الاساسية اقرارالاستثمار، المؤسسات المالية والمصرفية في العراق، البيئةالمالية كالاسواق الماليةوالنقدية، الخدمات المالية وتطورها في العقودالاخيرة
653 _aإدارة- المؤسسات المالية
653 _aالإدارة المالية
653 _aالبنوك- إدارة
700 _aالمشهداني، خالد أحمد فرحان
_eمؤلف ثانوي
942 _cكتاب
999 _c44432
_d44432